000 00596nam a2200181 i 4500
001 85788
003 ES-MaACL
005 20230906175317.0
007 t|
008 041201s1935 gw ||||1| spa d
245 0 0 _aUna ojeada histórica sobre la aviación alemana desde 1909 hasta 1934
_b: Junkers y la aviación mundial /
_ceditado por Hauptman, A. Fischer, V. Poturzyn.
260 _aMunich :
_b[s.n.,
_c1935] (
_fRichard Pflaum)
300 _a186 p. ;
_c24 cm.
700 1 _aHauptmann.
_962098
700 1 _aFischer, A.
_950977
700 1 _aPoturzyn, V.
_993404
852 _aES-MaACL
_jA-4468
999 _c85788
_d85788